Philosophy of religion : (Record no. 2352)

MARC details
000 -LEADER
fixed length control field 01139cam a2200289 a 4500
001 - CONTROL NUMBER
control field 8781005
003 - CONTROL NUMBER IDENTIFIER
control field GBCCL
005 - DATE AND TIME OF LATEST TRANSACTION
control field 20241126110427.0
008 - FIXED-LENGTH DATA ELEMENTS--GENERAL INFORMATION
fixed length control field 090203s2009 enk b 001 0 eng
020 ## - INTERNATIONAL STANDARD BOOK NUMBER
International Standard Book Number 9781851686506 (pbk.)
020 ## - INTERNATIONAL STANDARD BOOK NUMBER
International Standard Book Number 1851686509 (pbk.)
035 ## - SYSTEM CONTROL NUMBER
System control number (OCoLC)ocn776020275
035 ## - SYSTEM CONTROL NUMBER
System control number 8781005
040 ## - CATALOGING SOURCE
Original cataloging agency UKM
Transcribing agency UKM
Modifying agency BWKUK
-- BWK
-- YDXCP
-- BWX
-- CDX
-- LNT
050 #4 -
-- BL51
-- .T353 2009
082 04 - DEWEY DECIMAL CLASSIFICATION NUMBER
Classification number 210
Edition information 22
Item number TAL
100 1# - MAIN ENTRY--PERSONAL NAME
Personal name Taliaferro, Charles.
9 (RLIN) 4856
245 10 - TITLE STATEMENT
Title Philosophy of religion :
Remainder of title a beginner's guide /
Statement of responsibility, etc. Charles Taliaferro.
260 ## - PUBLICATION, DISTRIBUTION, ETC.
Place of publication, distribution, etc. Oxford :
Name of publisher, distributor, etc. Oneworld,
Date of publication, distribution, etc. 2009.
300 ## - PHYSICAL DESCRIPTION
Extent xii, 215 p. ;
Dimensions 20 cm.
490 1# - SERIES STATEMENT
Series statement Oneworld beginner's guides
504 ## - BIBLIOGRAPHY, ETC. NOTE
Bibliography, etc. note Includes bibliographical references (p. [202]-208) and index.
505 0# - FORMATTED CONTENTS NOTE
Formatted contents note Philosophical inquiry into religion -- Concepts of God -- Classical and contemporary arguments for God -- The problem of evil -- Divine action : miracles, the afterlife, and redemption -- Hinduism and Buddhism -- Morality, politics, and religion.
650 #0 - SUBJECT ADDED ENTRY--TOPICAL TERM
Topical term or geographic name entry element Religion
General subdivision Philosophy.
9 (RLIN) 1207
830 #0 -
-- Oneworld beginners' guides.
-- 4857
942 ## - ADDED ENTRY ELEMENTS (KOHA)
Source of classification or shelving scheme Dewey Decimal Classification
Koha item type Books
Koha issues (borrowed), all copies 16
Holdings
Withdrawn status Lost status Source of classification or shelving scheme Damaged status Not for loan Home library Current Library Shelving location Date acquired Total checkouts Total renewals Full call number Barcode Date last seen Date last checked out Copy number Price effective from Koha item type
    Dewey Decimal Classification     GRACE BIBLE COLLEGE GRACE BIBLE COLLEGE Philosophy and Religion 2017-08-07 16 1 210 TAL 014444 2025-05-01 2022-07-11 c.1 2017-08-07 Books
© Grace Bible College Library 2025